[Event "HUN-chT2 Barcza 2324"]
[Site "Hungary"]
[Date "2024.02.18"]
[Round "4.12"]
[White "Biro, Csilla"]
[Black "Simon, Virag Boglarka"]
[Result "1-0"]
[WhiteElo "1632"]
[BlackElo "1510"]
[PlyCount "95"]
[EventDate "2023.10.08"]
[EventType "team-tourn"]
[EventRounds "9"]
[EventCountry "HUN"]
[SourceTitle "EXT 2025"]
[Source "ChessBase"]
[SourceDate "2024.10.14"]
[SourceVersion "1"]
[SourceVersionDate "2024.10.14"]
[SourceQuality "1"]
[WhiteTeam "Debrecen Sakkiskola"]
[BlackTeam "Nyiregyhaza SISE"]
[WhiteTeamCountry "HUN"]
[BlackTeamCountry "HUN"]

1. e4 g6 2. d4 Bg7 3. f4 d6 4. Nc3 a6 5. h3 Nc6 6. Nf3 e5 7. dxe5 dxe5 8. Qxd8+ Kxd8 9. Ng5 Nh6 10. Be3 Bd7 11. Bc4 f6 12. Ne6+ Bxe6 13. Bxe6 f5 14. 0-0-0+ Ke7 15. Bd5 Rab8 16. Bc5+ Ke8 17. fxe5 Bxe5 18. exf5 Bf4+ 19. Kb1 Nxf5 20. Rhe1+ Nce7 21. Ne4 Nxd5 22. Nf6+ Kf7 23. Nxd5 Bg3 24. Rf1 b6 25. Bf2 Kg7 26. Bxg3 Nxg3 27. Rf3 Ne4 28. Nxc7 a5 29. Rd7+ Kh6 30. Ne6 Rbe8 31. Nc7 Re5 32. a3 Kg5 33. Rd4 h5 34. Rb3 Rc8 35. Rb5 Nc5 36. Rd5 Kf4 37. Rxe5 Kxe5 38. Na6 Kf4 39. Nxc5 Rxc5 40. Rxb6 g5 41. Rd6 Kg3 42. Rd2 h4 43. Ka2 Rf5 44. c4 Rf4 45. Rc2 Rf2 46. Rxf2 Kxf2 47. c5 Kxg2 48. c6 1-0

[Event "HUN-chT2 Barcza 2223"]
[Site "Hungary"]
[Date "2023.03.26"]
[Round "6.11"]
[White "Simon, Virag Boglarka"]
[Black "Kovacs, Gergely"]
[Result "1/2-1/2"]
[WhiteElo "1387"]
[BlackElo "1539"]
[PlyCount "105"]
[EventDate "2022.11.20"]
[EventType "team-tourn"]
[EventRounds "7"]
[EventCountry "HUN"]
[SourceTitle "EXT 2025"]
[Source "ChessBase"]
[SourceDate "2024.10.14"]
[SourceVersion "1"]
[SourceVersionDate "2024.10.14"]
[SourceQuality "1"]
[WhiteTeam "Nyiregyhaza ESE"]
[BlackTeam "Karsol DSBK"]
[WhiteTeamCountry "HUN"]
[BlackTeamCountry "HUN"]

1. e4 c6 2. d4 d5 3. Nc3 dxe4 4. Nxe4 Nf6 5. Nxf6+ exf6 6. Nf3 Bd6 7. Bd3 0-0 8. h4 Bg4 9. h5 h6 10. Be3 Re8 11. Qd2 Bf4 12. 0-0-0 Bxe3 13. fxe3 Qd5 14. c4 Qd6 15. Qf2 Nd7 16. Rde1 c5 17. Qh4 f5 18. Bc2 cxd4 19. exd4 Qf4+ 20. Kb1 Nf6 21. Qh2 Nxh5 22. Qxf4 Nxf4 23. Ba4 Rxe1+ 24. Nxe1 Rc8 25. c5 Ne6 26. Nc2 Rd8 27. Re1 Nxd4 28. Nxd4 Rxd4 29. Re8+ Kh7 30. Bb3 Rd7 31. Rf8 Kg6 32. Ra8 a6 33. Ra7 Be2 34. c6 Rc7 35. Bxf7+ Rxf7 36. cxb7 Rxb7 37. Rxb7 f4 38. Rd7 h5 39. Kc1 Kf6 40. Rd5 g5 41. a4 h4 42. b4 g4 43. b5 axb5 44. axb5 h3 45. gxh3 gxh3 46. Rd8 Bxb5 47. Rh8 Bf1 48. Kd2 Kg5 49. Ke1 Bg2 50. Kf2 Kf5 51. Rf8+ Ke5 52. Re8+ Kd4 53. Rf8 1/2-1/2